000 00696nam a22001937a 4500
005 20170329160000.0
010 _aENG-117631
020 _a9788175418370
_c495.00
035 _aEN-101163
037 _bDABD/PUB
082 _a921
100 _aVellamthadathil,Abraham
245 _aFrom dark dungeons to dazzling dawn :
_cby Abraham Vellamthadathil
_ba life-long struggle with the Christian hierarchy (an autobiography) /
260 _aNew Delhi
_bShipra Publication
_c2016
270 _aLG 18-19,Pankaj Central Market,I.P Ext.Patparganj
_bDelhi
_e110092
300 _axxiv,327p.
_c23cm(pbk)
500 _aIncludes bibliographical references
942 _2ddc
_cEN
_h921
_mVELL
999 _c138546
_d138546